Detalles MARC
| 000 -ENCABEZADO |
| Número de control [NR] |
02578nam a22002537a 4500 |
| 005 - FECHA Y HORA DE LA ÚLTIMA TRANSACCIÓN |
| control field |
20160413090952.0 |
| 008 - DE LONGITUD FIJA DE DATOS DE ELEMENTOS - INFORMACIÓN GENERAL |
| Elementos de longitud fija [NR] |
130821k19051906uy ab frs 1 spa |
| 040 ## - FUENTE DE CATALOGACION [NR] |
| Agencia de catalogación original [NR] |
Co-BoUCM |
| Idioma de catalogación [NR] |
spa |
| Quien Cataloga |
Sandra Yazo (modificó) |
| Quien Clasifica |
Sandra Yazo (modificó) |
| 041 0# - CODIGO DE IDIOMA [R] |
| Código de idioma para texto/pista de sonido o título separado [R] |
Español |
| 082 04 - NUMERO DE CLASIFICACION DECIMAL DEWEY [R] |
| Número de clasificación [R] |
918.95 |
| Número de la edición [NR] |
20 |
| 092 ## - SIGNATURA TOPOGRAFICA LOCAL |
| Número de clasificación local |
E03N065 |
| 110 2# - ASIENTO PRINCIPAL--NOMBRE CORPORATIVO [NR] |
| Nombre corporativo o de jurisdicción como elemento de entrada [NR] |
Uruguay |
| Unidad subordinada [R] |
Consejo Superior de Estadística |
| ID de autoridad |
76582 |
| 245 10 - MENCION DE TITULO [NR] |
| Título [NR] |
Anuario estadístico de la República O. del Uruguay |
| Parte restante del título [NR] |
años 1902 y 1903. Libro XVIII del "Anuario" y XXXII de las publicaciones de la Dirección General de Estadística. |
| Mención de responsabilidad, etc. [NR] |
Consejo Superior de Estadística ... |
| 260 ## - PUBLICACION, DISTRIBUCION, ETC. (PIE DE IMPRENTA) [R] |
| Lugar de publicación, distribución, etc. [R] |
Montevideo (Uruguay) |
| Nombre del editor, distribuidor, etc. [R] |
Imprenta Artística y encuadernación, de Dornaleche y Reyes |
| Fecha de publicación, distribución, etc. [R] |
1905 - 1906 |
| 300 ## - DESCRIPCION FISICA [R] |
| Extensión [R] |
2 volúmenes (xxiv, 763, [1] ; xx, 801, [1] páginas) |
| Otros detalles físicos [NR] |
ilustraciones, tablas, gráficas, mapas |
| Dimensiones [R] |
29 x 20 cm |
| 500 ## - NOTA GENERAL [R] |
| Nota general [NR] |
Detalles físicos: Encuadernación rígida (holandesa) en cartón forrado en papel, lomo en tela. Tapas con datos de publicación impresos. Guardas. Hoja de cortesía. Anteportada. Portada impresa en una sola tinta. Pequeño grabado con el escudo del Uruguay. Índice. Texto en una columna. Tablas, gráficos a color, mapas y planos. Al final de cada tomo erratas. Tapas delanteras con doblez, bordes y esquinas deteriorados y con manchas. V.1: Ejemplar mútilo faltan páginas 174 a 305. Guarda posterior suelta. V.2: Guarda delantera y hoja de cortesía sueltas. |
| 505 2# - NOTA DE CONTENIDO CON FORMATO PREESTABLECIDO [R] |
| Nota de contenido con formato preestablecido [NR] |
V.1: Territorio ; Meteorología ; Demografía ; Censos de población de la República (1852, 1860 y 1900) ; Censos de población de Montevideo (1884 y 1889) ; Movimiento del Estado Civil en 1902 ; Movimiento del Estado Civil durante los últimos 25 años ; Migración ; Comercio especial exterior ; Comercio especial exterior por aduanas, procedencias y destinos ; Comercio de tránsito exterior ; Comercio terrestre con el Brasil ; Comercio exterior e interior de monedas ; Comercio interior ; Navegación exterior (1902 y 1903) -- V.2: Demografía ; Ganadería e industrias derivadas ; Agricultura ; Viticultura ; Riqueza (1893-1902) ; Ferrocarriles ; Correos ; Telégrafos y teléfonos ; Patentes de invención y marcas de fábrica y comercio ; Finanzas nacionales ; Finanzas municipales ; Instrucción primaria ; Universidad ; Biblioteca Nacional ; Justicia penal |
| 506 ## - NOTA DE RESTRICCIONES DE ACCESO [R] |
| Condiciones de acceso [NR] |
Consulta en sala |
| 650 #7 - ASIENTO SECUNDARIO DE MATERIA - TERMINO TEMATICO [R] |
| Término temático o nombre geográfico como elemento de entrada [NR] |
Geografía física |
| Subdivisión geográfica [R] |
Uruguay |
| Subdivisión cronológica [R] |
1902-1903 |
| 9 (RLIN) |
16348 |
| 650 #7 - ASIENTO SECUNDARIO DE MATERIA - TERMINO TEMATICO [R] |
| Término temático o nombre geográfico como elemento de entrada [NR] |
Demografía |
| Subdivisión geográfica [R] |
Uruguay |
| 9 (RLIN) |
12627 |
| 650 #7 - ASIENTO SECUNDARIO DE MATERIA - TERMINO TEMATICO [R] |
| Término temático o nombre geográfico como elemento de entrada [NR] |
Economía |
| Subdivisión geográfica [R] |
Uruguay |
| 9 (RLIN) |
51515 |
| Subdivisión general [R] |
Estadísticas |
| 690 ## - ASUNTO AGREGADO LOCAL DE ENTRADA - TÉRMINO TEMÁTICO (OCLC, RLIN) |
| Acceso temático local |
Geografía de América |
| 9 (RLIN) |
26498 |
| 942 ## - ELEMENTOS DE ENTRADA AGREGADOS (KOHA) |
| Tipo de ítem principal el descrito en 300a |
Libro |
| Tema principal |
1 |
| Edición |
1 |
| Sistema de clasificación |
LOCAL |
| Clasificación |
E03N065 |